[Event "Olympiad-43"]
[Site "Batumi"]
[Date "2018.10.05"]
[Round "11.4"]
[White "Elisha, Thabo"]
[Black "Camacho Campusano, David Daniel"]
[Result "1-0"]
[WhiteElo "2024"]
[BlackElo "2140"]
[PlyCount "71"]
[EventDate "2018.09.24"]
[EventType "team-swiss"]
[EventRounds "11"]
[EventCountry "GEO"]
[SourceTitle "CBM 187"]
[Source "ChessBase"]
[SourceDate "2018.12.11"]
[SourceVersion "1"]
[SourceVersionDate "2018.12.11"]
[SourceQuality "1"]
[WhiteTeam "Zimbabwe"]
[BlackTeam "Dominican Republic"]
[WhiteTeamCountry "ZIM"]
[BlackTeamCountry "DOM"]

1. e4 e5 2. Nf3 Nc6 3. d4 d6 4. Bb5 Bd7 5. Nc3 exd4 6. Nxd4 Nf6 7. Bg5 Be7 8. Bxc6 bxc6 9. Qd2 h6 10. Bf4 c5 11. Nde2 Rb8 12. 0-0-0 a5 13. Ng3 g5 14. Be3 Ng4 15. Nd5 Bf6 16. c3 a4 17. Nh5 Be5 18. g3 c6 19. f4 cxd5 20. fxe5 Nxe5 21. Rhf1 Qb6 22. Nf6+ Kd8 23. Nxd5 Qb5 24. Rf2 Qc4 25. Nb4 Qe6 26. Nd5 Nc4 27. Qd3 Bb5 28. Rf6 Qe5 29. Rf5 Qe6 30. Bxc5 Nxb2 31. Qd4 Re8 32. Bb6+ Kc8 33. Kxb2 Rb7 34. Nc7 Qxe4 35. Qxe4 Rxe4 36. Rxb5 1-0

[Event "Antananarivo op"]
[Site "Antananarivo"]
[Date "2015.08.08"]
[Round "6"]
[White "Elisha, Thabo"]
[Black "Beanjara, James Stephen"]
[Result "1-0"]
[WhiteElo "1943"]
[BlackElo "1723"]
[PlyCount "45"]
[EventDate "2015.08.05"]
[EventType "swiss"]
[EventRounds "9"]
[EventCountry "MAD"]
[SourceTitle "EXT 2018"]
[Source "ChessBase"]
[SourceDate "2017.10.13"]
[SourceVersion "1"]
[SourceVersionDate "2017.10.13"]
[SourceQuality "1"]

1. e4 c5 2. Nc3 d6 3. g3 Nf6 4. Bg2 Nc6 5. d3 e5 6. Nh3 Be7 7. 0-0 h6 8. f4 Bg4 9. Qd2 Qd7 10. f5 g6 11. Nf2 Nd4 12. Nxg4 Nxg4 13. Nd5 Bg5 14. Qd1 gxf5 15. c3 Nc6 16. Rxf5 0-0-0 17. Qxg4 Rdg8 18. Bxg5 Kb8 19. Nf6 Qc8 20. Nxg8 Rxg8 21. Bh3 Qc7 22. Raf1 hxg5 23. Rxf7 1-0